|
|
|
|
| LEADER |
02688nam a22005175i 4500 |
| 001 |
978-3-319-29398-1 |
| 003 |
DE-He213 |
| 005 |
20160820101434.0 |
| 007 |
cr nn 008mamaa |
| 008 |
160820s2016 gw | s |||| 0|eng d |
| 020 |
|
|
|a 9783319293981
|9 978-3-319-29398-1
|
| 024 |
7 |
|
|a 10.1007/978-3-319-29398-1
|2 doi
|
| 040 |
|
|
|d GrThAP
|
| 050 |
|
4 |
|a TJ807-830
|
| 072 |
|
7 |
|a THX
|2 bicssc
|
| 072 |
|
7 |
|a TEC031010
|2 bisacsh
|
| 082 |
0 |
4 |
|a 621.042
|2 23
|
| 245 |
1 |
0 |
|a Floating Offshore Wind Energy
|h [electronic resource] :
|b The Next Generation of Wind Energy /
|c edited by Joao Cruz, Mairead Atcheson.
|
| 264 |
|
1 |
|a Cham :
|b Springer International Publishing :
|b Imprint: Springer,
|c 2016.
|
| 300 |
|
|
|a VII, 341 p. 168 illus., 107 illus. in color.
|b online resource.
|
| 336 |
|
|
|a text
|b txt
|2 rdacontent
|
| 337 |
|
|
|a computer
|b c
|2 rdamedia
|
| 338 |
|
|
|a online resource
|b cr
|2 rdacarrier
|
| 347 |
|
|
|a text file
|b PDF
|2 rda
|
| 490 |
1 |
|
|a Green Energy and Technology,
|x 1865-3529
|
| 505 |
0 |
|
|a Introduction -- The offshore environment -- Overview of floating offshore wind technologies -- Design considerations -- Modelling of FOWTs -- State-of-the-art.
|
| 520 |
|
|
|a This book provides a state-of-the-art review of floating offshore wind turbines (FOWT). It offers developers a global perspective on floating offshore wind energy conversion technology, documenting the key challenges and practical solutions that this new industry has found to date. Drawing on a wide network of experts, it reviews the conception, early design stages, load & structural analysis and the construction of FOWT. It also presents and discusses data from pioneering projects. Written by experienced professionals from a mix of academia and industry, the content is both practical and visionary. As one of the first titles dedicated to FOWT, it is a must-have for anyone interested in offshore renewable energy conversion technologies.
|
| 650 |
|
0 |
|a Energy.
|
| 650 |
|
0 |
|a Renewable energy resources.
|
| 650 |
|
0 |
|a Building construction.
|
| 650 |
|
0 |
|a Renewable energy sources.
|
| 650 |
|
0 |
|a Alternate energy sources.
|
| 650 |
|
0 |
|a Green energy industries.
|
| 650 |
1 |
4 |
|a Energy.
|
| 650 |
2 |
4 |
|a Renewable and Green Energy.
|
| 650 |
2 |
4 |
|a Offshore Engineering.
|
| 650 |
2 |
4 |
|a Renewable and Green Energy.
|
| 700 |
1 |
|
|a Cruz, Joao.
|e editor.
|
| 700 |
1 |
|
|a Atcheson, Mairead.
|e editor.
|
| 710 |
2 |
|
|a SpringerLink (Online service)
|
| 773 |
0 |
|
|t Springer eBooks
|
| 776 |
0 |
8 |
|i Printed edition:
|z 9783319293967
|
| 830 |
|
0 |
|a Green Energy and Technology,
|x 1865-3529
|
| 856 |
4 |
0 |
|u http://dx.doi.org/10.1007/978-3-319-29398-1
|z Full Text via HEAL-Link
|
| 912 |
|
|
|a ZDB-2-ENE
|
| 950 |
|
|
|a Energy (Springer-40367)
|